All Big 4 Sports Champions By Year - Statistics

General Stats
  • This quiz has been taken 5,094 times
    1,914 since last reset
  • The average score is 97 of 305
Answer Stats
Year Sport Answer % Correct
2023 NBA Championship Denver Nuggets
86%
2023 World Series Texas Rangers
81%
2022 Super Bowl Kansas City Chiefs
76%
2022 NBA Championship Golden State Warriors
71%
2022 World Series Houston Astros
67%
2020 NBA Championship Los Angeles Lakers
67%
2021 Super Bowl Los Angeles Rams
66%
2021 NBA Championship Milwaukee Bucks
65%
2020 Super Bowl Tampa Bay Buccaneers
65%
2018 NBA Championship Golden State Warriors
64%
2017 NBA Championship Golden State Warriors
64%
2019 Super Bowl Kansas City Chiefs
64%
2018 Super Bowl New England Patriots
64%
2016 Super Bowl New England Patriots
64%
2016 NBA Championship Cleveland Cavaliers
63%
2015 NBA Championship Golden State Warriors
62%
2019 NBA Championship Toronto Raptors
62%
2023 Stanley Cup Vegas Golden Knights
62%
2017 Super Bowl Philadelphia Eagles
61%
2014 Super Bowl New England Patriots
60%
2020 World Series Los Angeles Dodgers
59%
2015 Super Bowl Denver Broncos
58%
2013 NBA Championship Miami Heat
58%
2012 NBA Championship Miami Heat
58%
2014 NBA Championship San Antonio Spurs
58%
2021 World Series Atlanta Braves
57%
2013 Super Bowl Seattle Seahawks
56%
2016 World Series Chicago Cubs
55%
2011 NBA Championship Dallas Mavericks
55%
2017 World Series Houston Astros
55%
2021 Stanley Cup Tampa Bay Lightning
55%
2010 NBA Championship Los Angeles Lakers
54%
2019 World Series Washington Nationals
54%
2018 World Series Boston Red Sox
53%
2022 Stanley Cup Colorado Avalanche
53%
2009 NBA Championship Los Angeles Lakers
53%
2011 Super Bowl New York Giants
53%
2020 Stanley Cup Tampa Bay Lightning
53%
2008 NBA Championship Boston Celtics
51%
2015 World Series Kansas City Royals
51%
2012 Super Bowl Baltimore Ravens
50%
2010 Super Bowl Green Bay Packers
50%
2014 World Series San Francisco Giants
50%
2002 NBA Championship Los Angeles Lakers
49%
2001 NBA Championship Los Angeles Lakers
49%
2000 NBA Championship Los Angeles Lakers
49%
2007 NBA Championship San Antonio Spurs
49%
2013 World Series Boston Red Sox
48%
1998 NBA Championship Chicago Bulls
48%
1997 NBA Championship Chicago Bulls
48%
1996 NBA Championship Chicago Bulls
48%
2007 Super Bowl New York Giants
48%
2009 World Series New York Yankees
48%
2008 Super Bowl Pittsburgh Steelers
48%
2012 World Series San Francisco Giants
48%
2019 Stanley Cup St. Louis Blues
48%
1993 NBA Championship Chicago Bulls
47%
1992 NBA Championship Chicago Bulls
47%
1991 NBA Championship Chicago Bulls
47%
2004 Super Bowl New England Patriots
47%
2005 NBA Championship San Antonio Spurs
47%
2018 Stanley Cup Washington Capitals
47%
2004 NBA Championship Detroit Pistons
46%
2006 NBA Championship Miami Heat
46%
2003 Super Bowl New England Patriots
46%
2009 Super Bowl New Orleans Saints
46%
2017 Stanley Cup Pittsburgh Penguins
46%
2016 Stanley Cup Pittsburgh Penguins
46%
2003 NBA Championship San Antonio Spurs
46%
2010 World Series San Francisco Giants
46%
2015 Stanley Cup Chicago Blackhawks
45%
2013 Stanley Cup Chicago Blackhawks
45%
2011 World Series St. Louis Cardinals
45%
2014 Stanley Cup Los Angeles Kings
44%
2001 Super Bowl New England Patriots
44%
1995 NBA Championship Houston Rockets
43%
1994 NBA Championship Houston Rockets
43%
2006 Super Bowl Indianapolis Colts
43%
2000 World Series New York Yankees
43%
1999 World Series New York Yankees
43%
1999 NBA Championship San Antonio Spurs
43%
2011 Stanley Cup Boston Bruins
42%
1998 World Series New York Yankees
42%
2005 Super Bowl Pittsburgh Steelers
42%
1986 NBA Championship Boston Celtics
41%
2004 World Series Boston Red Sox
41%
2012 Stanley Cup Los Angeles Kings
41%
1988 NBA Championship Los Angeles Lakers
41%
1987 NBA Championship Los Angeles Lakers
41%
2010 Stanley Cup Chicago Blackhawks
40%
1990 NBA Championship Detroit Pistons
40%
1985 NBA Championship Los Angeles Lakers
40%
1984 NBA Championship Boston Celtics
39%
1989 NBA Championship Detroit Pistons
39%
2008 World Series Philadelphia Phillies
39%
2001 World Series Arizona Diamondbacks
38%
2000 Super Bowl Baltimore Ravens
38%
2007 World Series Boston Red Sox
38%
1999 Super Bowl St. Louis Rams
38%
2002 Super Bowl Tampa Bay Buccaneers
38%
1981 NBA Championship Boston Celtics
37%
2005 World Series Chicago White Sox
37%
1982 NBA Championship Los Angeles Lakers
37%
2009 Stanley Cup Pittsburgh Penguins
37%
2008 Stanley Cup Detroit Red Wings
36%
1980 NBA Championship Los Angeles Lakers
36%
1996 World Series New York Yankees
36%
1995 Super Bowl Dallas Cowboys
35%
1993 Super Bowl Dallas Cowboys
35%
2003 World Series Florida Marlins
35%
2006 World Series St. Louis Cardinals
35%
2002 World Series Anaheim Angels
34%
1992 Super Bowl Dallas Cowboys
34%
1998 Super Bowl Denver Broncos
34%
1997 Super Bowl Denver Broncos
34%
1966 Super Bowl Green Bay Packers
34%
1994 Super Bowl San Francisco 49ers
34%
2007 Stanley Cup Anaheim Ducks
33%
1996 Super Bowl Green Bay Packers
33%
1967 Super Bowl Green Bay Packers
33%
1966 NBA Championship Boston Celtics
32%
1965 NBA Championship Boston Celtics
32%
1964 NBA Championship Boston Celtics
32%
1963 NBA Championship Boston Celtics
32%
1961 NBA Championship Boston Celtics
32%
2006 Stanley Cup Carolina Hurricanes
32%
1983 NBA Championship Philadelphia 76ers
32%
1989 Super Bowl San Francisco 49ers
32%
1969 NBA Championship Boston Celtics
31%
1968 NBA Championship Boston Celtics
31%
1962 NBA Championship Boston Celtics
31%
1960 NBA Championship Boston Celtics
31%
1959 NBA Championship Boston Celtics
31%
1985 Super Bowl Chicago Bears
31%
1968 Super Bowl New York Jets
31%
1988 Super Bowl San Francisco 49ers
31%
1991 Super Bowl Washington Redskins
31%
1995 World Series Atlanta Braves
30%
2002 Stanley Cup Detroit Red Wings
30%
1997 World Series Florida Marlins
30%
2003 Stanley Cup New Jersey Devils
30%
1990 Super Bowl New York Giants
30%
1993 World Series Toronto Blue Jays
30%
1992 World Series Toronto Blue Jays
30%
2001 Stanley Cup Colorado Avalanche
29%
1993 Stanley Cup Montreal Canadiens
29%
2000 Stanley Cup New Jersey Devils
29%
1984 Super Bowl San Francisco 49ers
29%
2004 Stanley Cup Tampa Bay Lightning
29%
1998 Stanley Cup Detroit Red Wings
28%
1987 Stanley Cup Edmonton Oilers
28%
1969 Super Bowl Kansas City Chiefs
28%
1979 Super Bowl Pittsburgh Steelers
28%
1978 Super Bowl Pittsburgh Steelers
28%
1975 Super Bowl Pittsburgh Steelers
28%
1974 Super Bowl Pittsburgh Steelers
28%
1987 Super Bowl Washington Redskins
28%
1976 NBA Championship Boston Celtics
27%
1974 NBA Championship Boston Celtics
27%
1957 NBA Championship Boston Celtics
27%
1999 Stanley Cup Dallas Stars
27%
1997 Stanley Cup Detroit Red Wings
27%
1988 Stanley Cup Edmonton Oilers
27%
1985 Stanley Cup Edmonton Oilers
27%
1984 Stanley Cup Edmonton Oilers
27%
1972 NBA Championship Los Angeles Lakers
27%
1986 Super Bowl New York Giants
27%
1983 Stanley Cup New York Islanders
27%
1982 Stanley Cup New York Islanders
27%
1994 Stanley Cup New York Rangers
27%
1990 World Series Cincinnati Reds
26%
1990 Stanley Cup Edmonton Oilers
26%
1983 Super Bowl Los Angeles Raiders
26%
1973 Super Bowl Miami Dolphins
26%
1972 Super Bowl Miami Dolphins
26%
1991 World Series Minnesota Twins
26%
1986 Stanley Cup Montreal Canadiens
26%
1979 Stanley Cup Montreal Canadiens
26%
1978 Stanley Cup Montreal Canadiens
26%
1981 Stanley Cup New York Islanders
26%
1980 Stanley Cup New York Islanders
26%
1981 Super Bowl San Francisco 49ers
26%
1954 NBA Championship Minneapolis Lakers
25%
1953 NBA Championship Minneapolis Lakers
25%
1952 NBA Championship Minneapolis Lakers
25%
1977 Stanley Cup Montreal Canadiens
25%
1976 Stanley Cup Montreal Canadiens
25%
1973 Stanley Cup Montreal Canadiens
25%
1971 Stanley Cup Montreal Canadiens
25%
1969 Stanley Cup Montreal Canadiens
25%
1968 Stanley Cup Montreal Canadiens
25%
1986 World Series New York Mets
25%
1989 World Series Oakland Athletics
25%
1980 Super Bowl Oakland Raiders
25%
1976 Super Bowl Oakland Raiders
25%
1996 Stanley Cup Colorado Avalanche
24%
1977 Super Bowl Dallas Cowboys
24%
1971 Super Bowl Dallas Cowboys
24%
1950 NBA Championship Minneapolis Lakers
24%
1978 World Series New York Yankees
24%
1977 World Series New York Yankees
24%
1992 Stanley Cup Pittsburgh Penguins
24%
1991 Stanley Cup Pittsburgh Penguins
24%
1979 NBA Championship Seattle SuperSonics
24%
1982 Super Bowl Washington Redskins
24%
1970 Super Bowl Baltimore Colts
23%
1988 World Series Los Angeles Dodgers
23%
1973 NBA Championship New York Knicks
23%
1977 NBA Championship Portland Trail Blazers
23%
1978 NBA Championship Washington Bullets
23%
1970 Stanley Cup Boston Bruins
22%
1989 Stanley Cup Calgary Flames
22%
1971 NBA Championship Milwaukee Bucks
22%
1995 Stanley Cup New Jersey Devils
22%
1972 Stanley Cup Boston Bruins
21%
1975 NBA Championship Golden State Warriors
21%
1985 World Series Kansas City Royals
21%
1987 World Series Minnesota Twins
21%
1970 NBA Championship New York Knicks
21%
1962 World Series New York Yankees
21%
1961 World Series New York Yankees
21%
1953 World Series New York Yankees
21%
1952 World Series New York Yankees
21%
1951 World Series New York Yankees
21%
1950 World Series New York Yankees
21%
1949 World Series New York Yankees
21%
1947 World Series New York Yankees
21%
1975 Stanley Cup Philadelphia Flyers
21%
1974 Stanley Cup Philadelphia Flyers
21%
1984 World Series Detroit Tigers
20%
1958 World Series New York Yankees
20%
1956 World Series New York Yankees
20%
1943 World Series New York Yankees
20%
1939 World Series New York Yankees
20%
1938 World Series New York Yankees
20%
1937 World Series New York Yankees
20%
1936 World Series New York Yankees
20%
1927 World Series New York Yankees
20%
1967 NBA Championship Philadelphia 76ers
20%
1983 World Series Baltimore Orioles
19%
1976 World Series Cincinnati Reds
19%
1975 World Series Cincinnati Reds
19%
1981 World Series Los Angeles Dodgers
19%
1941 World Series New York Yankees
19%
1932 World Series New York Yankees
19%
1928 World Series New York Yankees
19%
1980 World Series Philadelphia Phillies
19%
1982 World Series St. Louis Cardinals
19%
1958 NBA Championship St. Louis Hawks
19%
1923 World Series New York Yankees
18%
1973 World Series Oakland Athletics
18%
1956 NBA Championship Philadelphia Warriors
18%
1979 World Series Pittsburgh Pirates
18%
1969 World Series New York Mets
17%
1974 World Series Oakland Athletics
17%
1972 World Series Oakland Athletics
17%
1971 World Series Pittsburgh Pirates
15%
1951 NBA Championship Rochester Royals
15%
1970 World Series Baltimore Orioles
14%
1918 World Series Boston Red Sox
14%
1908 World Series Chicago Cubs
14%
1967 World Series St. Louis Cardinals
14%
1955 NBA Championship Syracuse Nationals
14%
1916 World Series Boston Red Sox
13%
1955 World Series Brooklyn Dodgers
13%
1907 World Series Chicago Cubs
13%
1919 World Series Cincinnati Reds
13%
1968 World Series Detroit Tigers
13%
1965 World Series Los Angeles Dodgers
13%
1963 World Series Los Angeles Dodgers
13%
1964 World Series St. Louis Cardinals
13%
1915 World Series Boston Red Sox
12%
1912 World Series Boston Red Sox
12%
1940 World Series Cincinnati Reds
12%
1948 World Series Cleveland Indians
12%
1959 World Series Los Angeles Dodgers
12%
1954 World Series New York Giants
12%
1966 World Series Baltimore Orioles
11%
1960 World Series Pittsburgh Pirates
11%
1946 World Series St. Louis Cardinals
11%
1944 World Series St. Louis Cardinals
11%
1942 World Series St. Louis Cardinals
11%
1903 World Series Boston Americans
10%
1945 World Series Detroit Tigers
10%
1934 World Series St. Louis Cardinals
10%
1935 World Series Detroit Tigers
9%
1957 World Series Milwaukee Braves
9%
1905 World Series New York Giants
9%
1931 World Series St. Louis Cardinals
9%
1926 World Series St. Louis Cardinals
9%
1917 World Series Chicago White Sox
8%
1906 World Series Chicago White Sox
8%
1933 World Series New York Giants
8%
1922 World Series New York Giants
8%
1921 World Series New York Giants
8%
1930 World Series Philadelphia Athletics
8%
1929 World Series Philadelphia Athletics
8%
1909 World Series Pittsburgh Pirates
8%
1914 World Series Boston Braves
7%
1920 World Series Cleveland Indians
7%
1913 World Series Philadelphia Athletics
7%
1911 World Series Philadelphia Athletics
7%
1910 World Series Philadelphia Athletics
7%
1925 World Series Pittsburgh Pirates
7%
1924 World Series Washington Senators
7%
No matching quizzes found
Score Distribution
Percent of People with Each Score
Percentile by Number Answered
Your Score History
You have not taken this quiz since the last reset